Solo Leveling Guilds Quiz - Statistics

General Stats
  • This quiz has been taken 34 times
  • The average score is 3 of 6
Answer Stats
Picture Answer % Correct
White Tiger
93%
Hunters
70%
Knights
57%
Ahjin
40%
Fame
20%
Fiend
20%
No matching quizzes found
Score Distribution
Percent of People with Each Score
Percentile by Number Answered
Your Score History
You have not taken this quiz